[Event "FRA-ch U12"]
[Site "Aix les Bains"]
[Date "2009.04.19"]
[Round "1"]
[White "Bedini, Lucas"]
[Black "Guo, Louis"]
[Result "0-1"]
[WhiteElo "1541"]
[BlackElo "1810"]
[PlyCount "38"]
[EventDate "2009.04.19"]
[EventType "swiss"]
[EventRounds "9"]
[EventCountry "FRA"]
[SourceTitle "CBM 130 Extra"]
[Source "ChessBase"]
[SourceDate "2009.07.02"]
[SourceVersion "2"]
[SourceVersionDate "2009.07.15"]
[SourceQuality "1"]

1. e4 e6 2. d4 d5 3. exd5 exd5 4. Nf3 Nf6 5. Bg5 Bd6 6. Nc3 c6 7. Be2 Be6 8. 0-0 Nbd7 9. Re1 Qc7 10. Bxf6 gxf6 11. Qd2 0-0-0 12. a3 Bg4 13. g3 f5 14. Ne5 Nxe5 15. dxe5 Bxe5 16. Bxg4 fxg4 17. b4 f5 18. Qg5 Bxc3 19. Qxf5+ Qd7 0-1

[Event "FRA-chT U20 0809"]
[Site "Sautron"]
[Date "2009.01.02"]
[Round "4.6"]
[White "Bikindou, Luciano"]
[Black "Guo, Louis"]
[Result "0-1"]
[WhiteElo "1099"]
[BlackElo "1590"]
[PlyCount "40"]
[EventDate "2008.10.??"]
[EventType "team-tourn"]
[EventRounds "11"]
[EventCountry "FRA"]
[SourceTitle "EXT 2010"]
[Source "ChessBase"]
[SourceDate "2010.11.25"]
[SourceVersion "1"]
[SourceVersionDate "2010.11.25"]
[SourceQuality "1"]

1. e4 e6 2. Nf3 d5 3. Nc3 Nf6 4. d3 dxe4 5. dxe4 Qxd1+ 6. Nxd1 Nxe4 7. Bd3 Nc5 8. 0-0 Nxd3 9. cxd3 Bd6 10. g3 0-0 11. Nc3 Bd7 12. Ne4 Bb5 13. Rd1 Rd8 14. a4 Ba6 15. d4 Be2 16. Rd2 Bxf3 17. Nxd6 Rxd6 18. Rd3 Be4 19. Rc3 Rxd4 20. Rxc7 Rd1# 0-1

[Event "FRA-chT U20 0809"]
[Site "Sautron"]
[Date "2009.01.02"]
[Round "6.6"]
[White "Froment, Theophile"]
[Black "Guo, Louis"]
[Result "1/2-1/2"]
[WhiteElo "1776"]
[BlackElo "1590"]
[PlyCount "100"]
[EventDate "2008.10.??"]
[EventType "team-tourn"]
[EventRounds "11"]
[EventCountry "FRA"]
[SourceTitle "EXT 2010"]
[Source "ChessBase"]
[SourceDate "2010.11.25"]
[SourceVersion "1"]
[SourceVersionDate "2010.11.25"]
[SourceQuality "1"]

1. e4 e6 2. d4 d5 3. Nc3 Nf6 4. Bg5 Be7 5. e5 Nfd7 6. Bxe7 Qxe7 7. f4 a6 8. Nf3 c5 9. Qd2 Nc6 10. dxc5 Qxc5 11. 0-0-0 0-0 12. Bd3 b5 13. h4 a5 14. h5 a4 15. h6 g6 16. Bxb5 Rb8 17. Bxc6 Qxc6 18. Qd4 Nc5 19. f5 Qb6 20. Kd2 Ba6 21. Ke3 Rfc8 22. b3 axb3 23. axb3 Nxb3 24. Qxb6 Rxc3+ 25. Kf4 Rxb6 26. cxb3 Rcxb3 27. f6 Be2 28. Rc1 Rb8 29. Rhe1 Bxf3 30. gxf3 Kf8 31. Rc7 R3b7 32. Rcc1 Ke8 33. Red1 Kd7 34. Ke3 Rb3+ 35. Kf4 R3b4+ 36. Ke3 Rc8 37. Ke2 Rxc1 38. Rxc1 Rc4 39. Ra1 Rc2+ 40. Ke3 Rc4 41. Ra7+ Rc7 42. Ra3 Kd8 43. Ra8+ Rc8 44. Ra7 Rc7 45. Ra6 Kd7 46. Ra8 Rc8 47. Ra1 Rc7 48. Ra5 Rc6 49. Kd4 Rc7 50. Ra4 Rc6 1/2-1/2